01655nam a2200289 4500003000900000020001800009040002800027082001800055100002800073245028100101260007400382300002100456500008100477504002900558650007600587650005700663650004000720650006200760700004400822700003800866700003800904942001200942999001700954952012500971952013801096952013101234CO-ViMGA a9789589802793 aCO-ViMGAbspacCO-ViMGA04a923.587bB65b1 aBolivar, Simón.9641410aBolívar Esencial :bel pensamiento y las estrategias del libertador a través de sus manifiestos, proclamas, cartas y discursos,escritos a lo largo de las campañas de independencia.Incluye también el diario de Bucaramanga, de Louis Peru de Lacroix /cSimón Bolívar. aColombia:bRevistas número ediciones, ministerio de cultura,c2010. a323 p. ;b21 cm. aIncluye premios de literaturas del bicentenario. Ministerio de cultura 2010. aIncluye bibliografías.14aAmérica del sur - Historia - Guerras de independencia, fuentes.9641814aBolivar, Simón - Correspondencia, memorias.9641614aBolivar, Simón - Discursos.9641514aBolivar, Simón - Pensamiento político y social.964171 aGonzález Uribe, Guillermo,eed.964191 aHernández, Cristian,eed.964201 aMejía, Ana Cristina,eed.96421 2ddccBK c37521d37521 00102ddc40708003aMEVIECARbMEVIECARd2016-09-30l0o923.587 B65bp30849r2016-09-30 00:00:00tEj. 1w2016-09-30yBK 001040708001aMEVIGERRbMEVIGERRcGENd2012-02-08o923.587 B64pECA20566r2024-11-26 09:36:48tEj.1w2024-11-26yBKz15119 | 19763 00102ddc40708GENaMESGUARObMESGUAROcGENd2025-08-12l0o923.587 B65bpSG03879r2025-08-12 20:23:52tEj.1w2025-08-12yBK